Geography Quiz

Random Geography or State Quiz

US States in Mountain Timezone Quiz Stats

Quiz Updated Aug 17, 2015

Challenge
Share
Tweet
Embed
Score 0/13 Timer 02:00
7 Plays Today
% Correct
Colorado
95.3%
Montana
92.1%
Idaho
89.3%
Wyoming
86.8%
Utah
86.2%
New Mexico
86%
North Dakota
82%
Arizona
81.8%
South Dakota
81.8%
Nebraska
74.9%
Kansas
57.5%
Texas
56.9%
Oregon
26.1%

You're not logged in!

Compare scores with friends on all Sporcle quizzes.
Sign Up with Email
OR
Log In

You Might Also Like...

Show Comments

Extras

Top Quizzes Today


Score Distribution

Your Account Isn't Verified!

In order to create a playlist on Sporcle, you need to verify the email address you used during registration. Go to your Sporcle Settings to finish the process.